00348nam a2200133 a 45000010010000000030011000100080041000210350026000620820014000881000017001022450024001192600051001436500020001940000-9357ELIB.Books110520 1960  a(ELIB.Books)0000-9509 a261 bPik aPike, Esther aWho Is My Neighbor? bNew York: Macmillan Publishing Co, Inc. c1960 aSocial Theology